000 00786nam a2200253 a 4500
001 69073
003 BD-RjUL
005 20211209081839.0
008 170409s1969 nyua b 001 0 eng d
020 _a070398852
035 _a(BD-RjUL)69284
040 _aDLC
_cDLC
_dm.c
_dBD-RjUL
_beng
041 _aeng
082 _223
_a519.76
_bMAN 1969
100 1 0 _aMangasarian, Olvi L.,
_d1934-
_9204631
245 1 0 _aNonlinear programming /
_cOlvi L. Mangasarian.
260 _aNew York ;
_aLondon :
_bMcGraw-Hill,
_c1969
300 _axiii, 220 p. :
_bill. ;
_c23 cm.
490 _aMcGraw-Hill series in systems science
504 _aIncludes Bibliography and Index
650 0 _aNonlinear programming
_9204632
830 0 _aMcGraw-Hill series in systems science
_9204633
942 _2ddc
_cBK
999 _c69073
_d69073